000 00615nam a2200193 a 4500
005 20140412111323.0
008 001220s19uu xx 00 eng d
020 _a4-915831-06-X
050 _aER
_bHe34 1991
100 _aHirata, Shogo
245 _aHeidi /
_cShogo Hirata.
260 _aTokyo :
_bJoie, Inc,
_c1991.
300 _a1 v. (unp.) ; ill.
440 _aIllustrated Fantasy Book for Children
520 _aIt was sunny morning in the beautiful Swiss Alps. A young woman and a little girl climbed up the footpaths.
650 _aChildren's stories -- Fiction
999 _c104443
_d104443